Moscú / (Record no. 121809)

MARC details
000 -LEADER
campo de control de longitud fija 00578nam a2200205 4500
001 - NÚMERO DE CONTROL
campo de control 121809
003 - IDENTIFICADOR DE NÚMERO DE CONTROL
campo de control ES-MaACL
007 - CAMPO FIJO DE DESCRIPCIÓN FÍSICA--INFORMACIÓN GENERAL
campo de control de longitud fija t|
008 - DATOS DE LONGITUD FIJA--INFORMACIÓN GENERAL
campo de control de longitud fija 070214s1953 sp r ||||1| spa d
100 1# - ENTRADA PRINCIPAL--NOMBRE DE PERSONA
Nombre de persona Plievier, Theodor.
9 (RLIN) 92655
245 10 - MENCIÓN DEL TÍTULO
Título Moscú /
Mención de responsabilidad, etc. Theodor Plievier ; traducción del alemán por Tristán La Rosa.
250 ## - MENCION DE EDICION
Mención de edición 1ª ed.
260 ## - PUBLICACIÓN, DISTRIBUCIÓN, ETC.
Lugar de publicación, distribución, etc. Barcelona :
Nombre del editor, distribuidor, etc. Destino,
Fecha de publicación, distribución, etc. 1953.
300 ## - DESCRIPCIÓN FÍSICA
Extensión 450 p. ;
Dimensiones 22 cm.
490 1# - MENCIÓN DE SERIE
Mención de serie Hércules
700 1# - ENTRADA AGREGADA--NOMBRE PERSONAL
Nombre de persona La Rosa, Tristán.
9 (RLIN) 69179
830 0# - PUNTO DE ACCESO ADICIONAL DE SERIE-TÍTULO UNIFORME
Título uniforme Hércules
9 (RLIN) 218785
852 ## - LOCALIZACIÓN
Ubicación ES-MaACL
Número de control de estantería C-6110
Sublocalización o colección R.34999
Holdings
Estatus retirado Estado de pérdida Estado de daño No para préstamo Biblioteca de origen Biblioteca actual Ubicación en estantería Fecha de adquisición Fuente de adquisición Total de préstamos Signatura topográfica completa Código de barras Visto por última vez Precio de reemplazo Tipo de ítem Koha
        Biblioteca del Ateneo de Madrid Biblioteca del Ateneo de Madrid Sala Palomar 17/01/2008     C-6110 1126936 23/02/2023 23/02/2023 Libro impreso